00681nam a2200217 a 450000100060000000300080000600500170001400800410003102000220007203500190009404000270011304100080014008200240014824500930017225000240026526000320028930000170032150400510033865000430038970000310043263230BD-RjUL20211209081155.0170129s1980 nyu b 001 0 eng  a0393950794 (pbk.) a(BD-RjUL)63359 aDLCcDLCdBD-RjULbeng aeng00a808.8223bNOR 198004aThe Norton anthology of world masterpieces /cMaynard Mack, general editor ... [et al.]. a4th continental ed. aNew York :bNorton,cc1980. av. ;c22 cm. aIncludes bibliographical references and index. 0aLiteraturevTranslations into English.1 aMack, Maynard,d1909-2001.